000 00463nam a2200181Ia 4500
005 20250508151115.0
008 008 250505s9999 xx 000 0 hin d
037 _aTextual
040 _aFEDL
_beng
_cFEDL
041 _ahin
_2hin
084 _aFH, KRI
_qFEDL
100 _aKrishan Chandra
245 0 _aGarjan ki ek shyam
260 _aDelhi, India
_bRajpal and Sons
300 _a184p.
942 _cTEXL
_hFH, KRI
999 _c1327620
_d1327620